| 000 | 00399nam a2200169 a 4500 | ||
|---|---|---|---|
| 005 | 20140310183233.0 | ||
| 008 | 040709s19uu xx 00 eng d | ||
| 050 |
_aR 726.8 _b.N277 1992 |
||
| 100 | _aNTTC | ||
| 245 |
_aCare of the dying : _bMSN3 / _cNTTC. |
||
| 260 | _c1992. | ||
| 300 |
_a36 p. : _c22 cm. |
||
| 650 | _aNursing | ||
| 942 |
_cBK _2lcc _kLOC |
||
| 999 |
_c20519 _d20519 |
||